|
|
|
|
| LEADER |
01760nam a2200433Ia 4500 |
| 001 |
EBC335405 |
| 003 |
MiAaPQ |
| 005 |
20200520144314.0 |
| 006 |
m o d | |
| 007 |
cr cn||||||||| |
| 008 |
070502r20071949mnu s 001 0 eng d |
| 010 |
|
|
|z 2007017411
|
| 020 |
|
|
|z 9780816651498 (pb : alk. paper)
|
| 020 |
|
|
|z 9780816653751
|
| 020 |
|
|
|z 0816651493 (pb : alk. paper)
|
| 035 |
|
|
|a (MiAaPQ)EBC335405
|
| 035 |
|
|
|a (Au-PeEL)EBL335405
|
| 035 |
|
|
|a (CaPaEBR)ebr10217879
|
| 035 |
|
|
|a (CaONFJC)MIL522507
|
| 035 |
|
|
|a (OCoLC)476147346
|
| 040 |
|
|
|a MiAaPQ
|c MiAaPQ
|d MiAaPQ
|
| 050 |
|
4 |
|a SD397.P65
|b L3 2007
|
| 082 |
0 |
4 |
|a 338.4/767409776
|2 22
|
| 100 |
1 |
|
|a Larson, Agnes M.
|q (Agnes Mathilda),
|d 1892-1967.
|
| 240 |
1 |
0 |
|a History of the white pine industry in Minnesota
|
| 245 |
1 |
4 |
|a The white pine industry in Minnesota
|h [electronic resource] :
|b a history /
|c Agnes M. Larson ; foreword by Bradley J. Gills.
|
| 260 |
|
|
|a Minneapolis :
|b University of Minnesota Press,
|c 2007.
|
| 300 |
|
|
|a xix, 432 p.
|
| 490 |
1 |
|
|a The Fesler-Lampert Minnesota heritage book series
|
| 500 |
|
|
|a Includes index.
|
| 500 |
|
|
|a Originally published under title: History of the white pine industry in Minnesota. c1949.
|
| 533 |
|
|
|a Electronic reproduction. Ann Arbor, MI : ProQuest, 2015. Available via World Wide Web. Access may be limited to ProQuest affiliated libraries.
|
| 650 |
|
0 |
|a White pine industry
|z Minnesota
|x History.
|
| 650 |
|
0 |
|a Lumbering
|z Minnesota
|x History.
|
| 650 |
|
0 |
|a Lumber trade
|z Minnesota
|x History.
|
| 655 |
|
4 |
|a Electronic books.
|
| 710 |
2 |
|
|a ProQuest (Firm)
|
| 830 |
|
0 |
|a Fesler-Lampert Minnesota heritage book series.
|
| 856 |
4 |
0 |
|u https://ebookcentral.proquest.com/lib/matrademy/detail.action?docID=335405
|z Click to View
|